[Event "Biel op"]
[Site "Biel"]
[Date "1989.??.??"]
[Round "5"]
[White "Vukic, Milan"]
[Black "Komljenovic, Davor"]
[Result "1-0"]
[WhiteElo "2500"]
[BlackElo "2470"]

1.Nf3 d5 2.g3 c6 3.Bg2 Bg4 4.b3 e6 5.Bb2 Nd7 6.O-O Ngf6 7.c4 Be7 8.d4 O-O
9.Nc3 Qa5 10.a3 Qa6 11.Nd2 Ne8 12.h3 Bh5 13.g4 Bg6 14.e4 dxe4 15.Ndxe4 Rd8
16.Qe2 Ndf6 17.Rfd1 Nxe4 18.Nxe4 Bxe4 19.Bxe4 Bf6 20.Qc2 g6 21.Rd3 Bg7 22.Rad1 Nd6
23.Bg2 b5 24.cxb5 cxb5 25.Rc3 b4 26.axb4 Qb6 27.Rc5 Qxb4 28.Bc3 Qb8 29.Ba5 Rd7
30.d5 e5 31.Rc7 Rfd8 32.Rc1 Bf8 33.Qc6 Qb5 34.Rc5 Qxc6 35.dxc6 Rxc7 36.Bxc7 Re8
37.Rd5 Re6 38.Bb8 e4 39.c7 Re8 40.Bxe4 Rxe4 41.Rxd6 Re1+ 42.Kg2 Rc1 43.Rd8  1-0

[Event "Biel op"]
[Site "Biel"]
[Date "1989.??.??"]
[Round "11"]
[White "Landenbergue, Claude"]
[Black "Shabtai, Ran"]
[Result "1/2-1/2"]
[WhiteElo "2345"]
[BlackElo "2335"]

1.Nf3 d5 2.g3 c5 3.Bg2 Nc6 4.c4 e6 5.O-O Nf6 6.b3 Be7 7.e3 O-O 8.Bb2 Qc7
9.Nc3 b6 10.Qe2 Bb7 11.Rfd1 Rad8 12.Rac1 Qb8 13.cxd5 exd5 14.d4 cxd4 15.Nxd4 Nxd4
16.Rxd4 Bc5 17.Rh4 d4 18.Na4 d3 19.Qd2 Be7 20.Rd4 Bxg2 21.Kxg2 Qb7+ 22.f3 Nd7
23.Rxd3 b5 24.Rd1 bxa4 25.Rxd7 Qb6 26.Qd4 Qxd4 27.R1xd4 Rxd7 28.Rxd7 Bc5
29.Bd4 Bxd4 30.exd4 axb3 31.axb3 Rb8 32.Rxa7 Kf8 33.Ra3 Rb4 34.Kf2 Rxd4 35.Ke2 Rb4
36.Kd3 Rb8 37.Kc2 Rc8+ 38.Kb2 Re8 39.Ra2 g5 40.Kc3 Re3+ 41.Kc4 Rxf3 42.b4 Rf1
43.b5 Ke7 44.Kc5 Rc1+ 45.Kb6 f5 46.Ra7+ Ke6 47.Rxh7 f4 48.Rh6+ Ke5 49.Rc6 Rb1
50.Rc5+ Ke4 51.Rxg5 f3 52.Rg4+ Ke3 53.Rf4 f2 54.Ka6 f1=Q 55.Rxf1 Rxf1 56.b6 Ra1+
57.Kb7 Rh1 58.Kc7  1/2-1/2

[Event "Brno zt (Women)"]
[Site "Brno"]
[Date "1989.??.??"]
[Round "11"]
[White "Savova, Stefka"]
[Black "Prochazkova, D."]
[Result "1-0"]
[WhiteElo "2240"]
[BlackElo "2025"]

1.Nf3 d5 2.g3 g6 3.d3 Nf6 4.Bg2 Bg7 5.Nbd2 O-O 6.O-O c6 7.e4 dxe4 8.dxe4 Bg4
9.h3 Bxf3 10.Qxf3 Nfd7 11.a4 Ne5 12.Qe2 Na6 13.f4 Nd7 14.a5 Qc7 15.Nf3 Ndc5
16.e5 e6 17.Be3 Qe7 18.Qc4 Rfd8 19.Nd4 Rac8 20.c3 Bf8 21.b4 Nd7 22.Nxc6 bxc6
23.Qxa6 c5 24.b5 Nb8 25.Qb7 Qxb7 26.Bxb7 Rc7 27.Be4 Be7 28.Rfd1 Rcd7 29.Rxd7 Rxd7
30.c4 Kf8 31.a6 Ke8 32.b6 Kd8 33.Kf2 f5 34.Bf3 h6 35.Ke2 g5 36.Rd1 Nxa6 37.bxa7 Nc7
38.Rxd7+ Kxd7 39.a8=Q Nxa8 40.Bxa8 g4 41.hxg4 fxg4 42.Be4 h5 43.Bf2  1-0

[Event "Brno zt (Women)"]
[Site "Brno"]
[Date "1989.??.??"]
[Round "16"]
[White "Stanciu, Gabriela"]
[Black "Forgo, Eva"]
[Result "1-0"]
[WhiteElo "2215"]
[BlackElo "2165"]

1.Nf3 d5 2.g3 Nf6 3.Bg2 c6 4.O-O Bf5 5.d3 h6 6.Nbd2 e6 7.Qe1 Be7 8.e4 Bh7
9.Qe2 O-O 10.b3 a5 11.a4 Na6 12.Bb2 Nb4 13.e5 Nd7 14.Ne1 b5 15.Kh1 bxa4 16.Rxa4 Nc5
17.Ra1 Qb8 18.Bd4 Qb5 19.f4 Rfe8 20.g4 Bf8 21.f5 Nd7 22.c3 Na6 23.c4 Qb8
24.fxe6 fxe6 25.Rxa5 Bb4 26.Ra2 Nac5 27.Rxa8 Qxa8 28.Bxc5 Bxc5 29.Ndf3 Qb8
30.g5 hxg5 31.Nxg5 Qxe5 32.Qh5 Nf6 33.Qf7+ Kh8 34.Qxe8+  1-0

[Event "Spring op"]
[Site "Budapest"]
[Date "1989.??.??"]
[Round "?"]
[White "Bagirov, Vladimir"]
[Black "Sherbakov, Ruslan"]
[Result "1-0"]
[WhiteElo "2460"]
[BlackElo "2350"]

1.Nf3 d5 2.g3 c6 3.Bg2 g6 4.d3 Bg7 5.Nbd2 Nf6 6.O-O O-O 7.e4 dxe4 8.dxe4 Nbd7
9.e5 Nd5 10.e6 fxe6 11.Qe2 Kh8 12.Ng5 Nc7 13.Ndf3 e5 14.Qc4 e4 15.Qxe4 Nf6
16.Qh4 Ne6 17.Re1 Nxg5 18.Bxg5 Qb6 19.Rxe7 Qxb2 20.Rae1 Ng8 21.Rc7 Bf5 22.Be3 Rae8
23.Ng5 h6 24.Nf7+ Kh7 25.Nxh6 Nxh6 26.Qxh6+ Kg8 27.Qh4 Qc3 28.Rb1 Rxe3 29.fxe3 Qxe3+
30.Kh1 g5 31.Qb4 Kh8 32.Rf1 Rd8 33.Rxf5 Rd1+ 34.Rf1 a5 35.Rc8+ Kh7 36.Qe4+  1-0

[Event "Spring op"]
[Site "Budapest"]
[Date "1989.??.??"]
[Round "?"]
[White "Kochyev, Alexander"]
[Black "Trabert, Bettina"]
[Result "1-0"]
[WhiteElo "2475"]
[BlackElo "2205"]

1.Nf3 d5 2.g3 c6 3.Bg2 Bg4 4.c4 Nf6 5.Ne5 Bf5 6.cxd5 cxd5 7.Nc3 Nc6 8.Nxc6 bxc6
9.O-O e6 10.d3 Be7 11.Qa4 Qd7 12.b3 O-O 13.e4 Bg6 14.Ba3 Bxa3 15.Qxa3 Rfd8
16.e5 Ne8 17.d4 Bd3 18.Rfc1 Bb5 19.Na4 Rdc8 20.Nc5 Qe7 21.Qa5 Qc7 22.Qd2 a5
23.f4 a4 24.b4 Qe7 25.a3 Ra7 26.Rc3 Nc7 27.g4 Qh4 28.Rg3 Bc4 29.Bf3 Kh8 30.g5 h6
31.Kg2  1-0

[Event "Perenyi mem-B"]
[Site "Budapest"]
[Date "1989.??.??"]
[Round "?"]
[White "Espig, Lutz"]
[Black "Farago, Sandor"]
[Result "1/2-1/2"]
[WhiteElo "2470"]
[BlackElo "2395"]

1.Nf3 d5 2.g3 c6 3.Bg2 Bf5 4.O-O h6 5.d3 Nf6 6.b3 e6 7.Bb2 Nbd7 8.Nbd2 Be7
9.e4 Bg6 10.Qe2 O-O 11.h3 Qb6 12.Kh2 Ne8 13.c4 Nc7 14.Ne5 Nxe5 15.Bxe5 Rac8
16.f4 dxe4 17.dxe4 f6 18.Bb2 Bf7 19.Nf3 Rcd8 20.Rad1 Na6 21.g4 Rxd1 22.Rxd1 Rd8
23.e5 Rxd1 24.Qxd1 Qd8 25.Qe2 Nc5 26.exf6 gxf6 27.Bd4 Qd6 28.Qe3 Nd7 29.Kg3 c5
30.Bc3 b6 31.Kf2 a6 32.Nd2 f5 33.Nf3 Bf6 34.Ne5 fxg4 35.Nxd7 Bxc3 36.Qxc3 Qxd7
37.hxg4 e5 38.Qxe5 Qxg4 39.Bf3 Qh4+ 40.Kg2 Qd8 41.Kg3 Qe8  1/2-1/2

[Event "Perenyi mem-B"]
[Site "Budapest"]
[Date "1989.??.??"]
[Round "?"]
[White "Espig, Lutz"]
[Black "Varga, Zoltan"]
[Result "1/2-1/2"]
[WhiteElo "2470"]
[BlackElo "2425"]

1.Nf3 d5 2.g3 c6 3.Bg2 Bf5 4.O-O Nd7 5.d3 e5 6.b3 Bg6 7.Bb2 Bd6 8.e4 Ne7
9.exd5 cxd5 10.Nh4 O-O 11.c4 Nf6 12.Nxg6 hxg6 13.Nc3 Bc5 14.Nxd5 Nexd5 15.cxd5 Bd4
16.Bxd4 exd4 17.Qd2 Nxd5 18.Qb2 Nc3 19.Bxb7 Rb8 20.Bg2 a5 21.Qd2 Qf6 22.Rfe1 Rb5
23.Rac1 Rfb8 24.h4 g5 25.hxg5 Rxg5 26.Be4 g6 27.Kg2 Rh5 28.Rh1 Rbb5 29.Bf3 Rxh1
30.Rxh1 Rf5 31.Be4 Re5 32.Rh4 Kf8 33.Qh6+ Ke7 34.Rf4 Qe6 35.Bf3 g5 36.Qxe6+ Kxe6
37.Rxd4 Nxa2 38.Rc4 Rb5 39.d4 Nb4 40.Rc8 f5 41.Be2 Rb7 42.Ra8 Rd7 43.Rxa5 Rxd4
44.g4 Rf4 45.gxf5+ Kf6 46.Kg3 Rxf5 47.Rxf5+ Kxf5 48.Kf3 Ke5 49.Kg4 Kf6 50.Bb5 Kg6
51.Kf3 Kf5 52.Ke3 Ke5 53.Bf1 Na2 54.Be2 Nb4 55.Bd1 Na2 56.Kd3 Kf4 57.f3 Kg3
58.Ke3 Nc3 59.Be2 Na2 60.Bc4 g4 61.f4 Kh4 62.Bd5 g3 63.Bf3 Nb4 64.Be4 Kg4
65.f5 Kg5 66.Kf3 Na6 67.Bb1 Nb4 68.Kxg3 Nc6 69.Kf3 Nd4+ 70.Ke4 Nxb3 71.Ke5 Nd2
72.f6 Nf3+ 73.Ke6 Kf4 74.Bg6 Kg4 75.Bf5+ Kf4 76.Bh3 Ng5+ 77.Kd5 Nf7 78.Be6 Ng5
79.Bc8 Nf7 80.Ke6 Ng5+ 81.Ke7 Ke5 82.Ba6 Kf5 83.Bd3+ Ke5 84.Bc2 Kd5 85.Kf8 Ke5
86.Kg7 Ne6+ 87.Kf7 Nf4  1/2-1/2

[Event "Spring op"]
[Site "Budapest"]
[Date "1989.??.??"]
[Round "?"]
[White "Loginov, Valery A"]
[Black "Brunner, Lucas"]
[Result "1/2-1/2"]
[WhiteElo "2485"]
[BlackElo "2425"]

1.Nf3 d5 2.g3 c6 3.Bg2 Nf6 4.d3 Bf5 5.Nbd2 h6 6.O-O e6 7.Qe1 Be7 8.e4 Bh7
9.Qe2 O-O 10.h4 a5 11.e5 Nfd7 12.Nh2 c5 13.Ndf3 b5 14.Ng4 Nc6 15.Bf4 Kh8
16.Rfd1 a4 17.h5 b4 18.c4 bxc3 19.bxc3 Nb6 20.c4 Nd4 21.Nxd4 cxd4 22.Qb2 Bc5
23.Qb5 Rc8 24.Rac1 dxc4 25.dxc4 Ba3 26.Ra1 Rc5 27.Qa6 Bb2 28.Bd2 Bxa1 29.Rxa1 Bf5
30.Bb4 Qc7 31.Nh2 Rd8 32.Bxc5 Qxc5 33.Nf1 d3 34.Nd2 Nd7 35.Qxa4 Nxe5 36.Qb5 Qd4
37.Rb1 Rc8 38.a4 Kh7 39.Qb7 Qd8 40.Qb5 Qd4 41.Qb7 Rxc4 42.Nxc4 Nxc4 43.Qb4 d2
44.Rd1 Bc2 45.Rxd2 Qxd2 46.Qxc4 Qc1+ 47.Bf1 Bxa4 48.Qe4+ Kg8  1/2-1/2

[Event "Spring op"]
[Site "Budapest"]
[Date "1989.??.??"]
[Round "?"]
[White "Parmentier, Xavier"]
[Black "Zaitsev, Igor A"]
[Result "0-1"]
[WhiteElo "2250"]
[BlackElo "2390"]

1.Nf3 d5 2.g3 c5 3.c4 dxc4 4.Bg2 Nc6 5.O-O Nf6 6.Na3 g6 7.Nxc4 Bg7 8.d3 Nd5
9.Ne3 Nc7 10.a3 O-O 11.Rb1 Qd7 12.Bd2 Nb5 13.Re1 b6 14.Qa4 a6 15.Qh4 f6 16.a4 Nd6
17.d4 Rb8 18.d5 Nd4 19.Nxd4 g5 20.Qg4 Qxg4 21.Nxg4 cxd4 22.h3 Bd7 23.b3 b5
24.a5 f5 25.Nh2 Bf6 26.Rbc1 Rfc8 27.Nf3 Ne4 28.Bb4 Nc3 29.Bxc3 dxc3 30.e3 b4
31.Nd4 Bxd4 32.exd4 Kf7 33.Bf1 Rc7 34.Bxa6 Ra7 35.Bc4 Rxa5 36.d6+ e6 37.Re5 Rba8
38.Kf1 Ra1 39.Rxa1 Rxa1+ 40.Re1 Ra2 41.d5 exd5 42.Re7+ Kf6 43.Bd3 Rd2 44.Rxd7 Rxd3
45.Ke1 c2  0-1

[Event "Spring op"]
[Site "Budapest"]
[Date "1989.??.??"]
[Round "?"]
[White "Pigusov, Evgeny"]
[Black "Berenyi, Gabor"]
[Result "1-0"]
[WhiteElo "2525"]
[BlackElo "2225"]

1.Nf3 d5 2.g3 Nc6 3.d4 Bf5 4.Bg2 Qd7 5.c4 dxc4 6.Nc3 O-O-O 7.d5 Nb4 8.Ne5 Qe8
9.e4 e6 10.a3 exd5 11.axb4 Qxe5 12.Rxa7 Ne7 13.Bf4 Qe6 14.O-O Bg4 15.exd5  1-0

[Event "Spring op"]
[Site "Budapest"]
[Date "1989.??.??"]
[Round "?"]
[White "Pigusov, Evgeny"]
[Black "Hoelzl, Franz"]
[Result "1-0"]
[WhiteElo "2525"]
[BlackElo "2350"]

1.Nf3 d5 2.g3 g6 3.Bg2 Bg7 4.d4 Nf6 5.c4 dxc4 6.Qa4+ Nfd7 7.Nbd2 Nc6 8.Nxc4 O-O
9.O-O Bxd4 10.Nxd4 Nxd4 11.Bh6 Re8 12.Rfd1 e5 13.Rd2 Nf5 14.Be3 Nxe3 15.Nxe3 c6
16.Rc1 Qc7 17.Nc4 Nb6 18.Qa5 f6 19.Nd6 Rf8 20.b4 Be6 21.Qc5 a6 22.Nxb7 Qxb7
23.Bxc6 Qb8 24.Bxa8 Nxa8 25.Rd6 Rc8 26.Rc6 Rxc6 27.Qxc6 Kf7  1-0

[Event "Elekes mem"]
[Site "Budapest"]
[Date "1989.??.??"]
[Round "?"]
[White "Heyken, Enno"]
[Black "Lutz, Christopher"]
[Result "1/2-1/2"]
[WhiteElo "2450"]
[BlackElo "2375"]

1.g3 d5 2.Nf3 Nf6 3.Bg2 c6 4.O-O Bg4 5.b3 e6 6.Bb2 Nbd7 7.d3 Bd6 8.Nbd2 O-O
9.h3 Bxf3 10.Bxf3 a5 11.a4 Qb6 12.d4 e5 13.e3 e4 14.Be2 Ne8 15.c4 Qd8 16.Ba3 Bxa3
17.Rxa3 Nc7 18.Kh2 f5 19.Ra2 g5 20.f4 Ne6 21.cxd5 cxd5 22.b4 gxf4 23.gxf4 Kh8
24.bxa5 Rg8 25.Qe1 Qxa5 26.Nb1 Qc7 27.Nc3 Nf6 28.Nb5 Qe7 29.Bd1 Rac8 30.Rc2 Rxc2+
31.Bxc2 Qg7 32.Rg1 Ng4+ 33.Kh1 Qh6 34.Rg3 Ng7 35.Kg1 Qh4 36.Nd6 Nh6 37.Bb3 Rf8
38.Kh2 Ng4+ 39.Kg2 Nf6 40.Qc3 Nfh5 41.Nf7+ Kg8 42.Nh6+ Kh8 43.Nf7+  1/2-1/2

[Event "Elekes mem"]
[Site "Budapest"]
[Date "1989.??.??"]
[Round "?"]
[White "Zysk, Robert"]
[Black "Sher, Miron N"]
[Result "1/2-1/2"]
[WhiteElo "2455"]
[BlackElo "2460"]

1.Nf3 d5 2.g3 c6 3.b3 Bg4 4.Bg2 Nd7 5.Bb2 e6 6.d3 Ngf6 7.Nbd2 Bc5 8.O-O O-O
9.e4 a5 10.a4 Bb4 11.h3 Bh5 12.g4 Bg6 13.Qe2 dxe4 14.dxe4 e5 15.Rad1 Re8
16.Nh4 Qc7 17.Nf5 h5 18.Nc4 hxg4 19.hxg4 Bf8 20.Nh4 Nh7 21.Nxg6 fxg6 22.Qd2 Ndf6
23.g5 Nh5 24.Qd7 Qxd7 25.Rxd7 b5 26.Nxe5 Nf4 27.Nxc6 bxa4 28.bxa4 Nxg2 29.Kxg2 Rxe4
30.f4 Rxa4 31.Ne7+ Kf7 32.Rfd1 Ra2 33.Nd5+ Kg8 34.Rb7 Rc8 35.Rd2 a4 36.Kf3 a3
37.Bxg7 Rcxc2 38.Rxc2 Rxc2 39.Bxf8 Nxf8 40.Nf6+ Kh8 41.Rf7 Rc8 42.Ra7 Rc3+
43.Ke4 Rb3 44.Kd5 Rh3 45.Kd6 Re3 46.Kd5 Rh3 47.Ke5 Rd3 48.Rf7 Nd7+ 49.Nxd7 a2
50.Rf8+ Kg7 51.Ra8 Rxd7 52.Rxa2 Re7+ 53.Kd6 Re4 54.Rf2 Ra4 55.Ke5 Ra5+ 56.Ke6 Rf5
57.Rf1 Kg8 58.Kd6 Kg7 59.Ke7 Kg8 60.Ke6 Kg7  1/2-1/2

[Event "Canada zt"]
[Site "Canada"]
[Date "1989.??.??"]
[Round "?"]
[White "Hergott, Deen"]
[Black "Hamilton, Robert"]
[Result "1/2-1/2"]
[WhiteElo "2365"]
[BlackElo "2300"]

1.Nf3 d5 2.g3 Bg4 3.Bg2 c6 4.c4 e6 5.Ne5 Bh5 6.cxd5 exd5 7.Qb3 Nd7 8.g4 Nxe5
9.gxh5 Bd6 10.d4 Nc4 11.Nd2 Nxd2 12.Bxd2 Qb6 13.Qd3 Bb4 14.O-O-O Bxd2+ 15.Rxd2 Qd8
16.e4 Ne7 17.e5 f6 18.exf6 gxf6 19.Bh3 O-O 20.Be6+ Kh8 21.Qg3 Qb8 22.f4 Ng8
23.Rg1 Qc7 24.Rdg2 Nh6 25.f5 Qxg3 26.Rxg3 Nf7 27.h4 Rae8 28.Rg7 Nd8 29.h6 Nxe6
30.fxe6 Rxe6 31.Rxb7 f5 32.Rxa7 Rxh6 33.a4 f4 34.a5 f3 35.a6 f2 36.Rf1 Rxh4
37.Rb7 Re4 38.Kd2 Rxd4+ 39.Ke3 Re4+ 40.Kd2 Kg8 41.a7 Ree8 42.Kd3 c5 43.Rxf2 Rxf2
44.Rb8 Rf3+ 45.Kd2 Rf2+ 46.Kd3 c4+ 47.Kc3 Rf3+ 48.Kc2 Rff8  1/2-1/2

[Event "Caorle op"]
[Site "Caorle"]
[Date "1989.??.??"]
[Round "3"]
[White "Andreoli, Renato"]
[Black "Cristiani, Cesare"]
[Result "1-0"]
[WhiteElo "2040"]
[BlackElo "1900"]

1.Nf3 d5 2.g3 Nf6 3.Bg2 e6 4.O-O Be7 5.d4 O-O 6.c4 Re8 7.Qc2 c6 8.Nbd2 Nbd7
9.Rd1 Nf8 10.e4 Nxe4 11.Nxe4 dxe4 12.Qxe4 Bf6 13.Bf4 Ng6 14.Be5 Qe7 15.h4 h6
16.Rac1 Bd7 17.c5 Bxe5 18.Nxe5 Nxe5 19.dxe5 Rad8 20.Rd6 Bc8 21.Rcd1 Rd7 22.Qa4 a6
23.Qd4 Red8 24.Be4 g6 25.h5 Qg5 26.hxg6 fxg6 27.Bc2 Kf7 28.Kg2 h5 29.Rd3 Kg7
30.Rf3 Rxd6 31.cxd6 Bd7 32.Rf6 Be8 33.Rxe6 Bf7 34.Rf6 h4 35.Rf4 Bd5+ 36.Be4 h3+
37.Kh2 Bxe4 38.Rxe4 Rd7 39.e6+  1-0

[Event "Caorle op"]
[Site "Caorle"]
[Date "1989.??.??"]
[Round "6"]
[White "Redo, Nicola"]
[Black "Anceschi, Vittorio"]
[Result "1/2-1/2"]
[WhiteElo "1935"]
[BlackElo "2225"]

1.Nf3 d5 2.g3 Nf6 3.Bg2 g6 4.O-O Bg7 5.d4 O-O 6.c4 c6 7.cxd5 cxd5 8.Nc3 Nc6
9.Ne5 e6 10.f4 Qb6 11.e3 Bd7 12.Na4 Qc7 13.Bd2 Nxe5 14.fxe5 Bxa4 15.Qxa4 Qd7
16.Qc2 Rfc8 17.Qd3 Ng4 18.h3 Nh6 19.g4  1/2-1/2

[Event "Caorle op"]
[Site "Caorle"]
[Date "1989.??.??"]
[Round "7"]
[White "Velickovic, Zoran"]
[Black "Falchetta, Giovanni"]
[Result "1/2-1/2"]
[WhiteElo "2000"]
[BlackElo "2155"]

1.Nf3 d5 2.g3 c5 3.c4 Nf6 4.Bg2 Nc6 5.O-O e5 6.cxd5 Nxd5 7.Nc3 Nc7 8.Qa4 Bd7
9.Qe4 f5 10.Qe3 Qf6 11.d3  1/2-1/2

[Event "Caorle op"]
[Site "Caorle"]
[Date "1989.??.??"]
[Round "8"]
[White "Redo, Nicola"]
[Black "Zechner, C."]
[Result "1/2-1/2"]
[WhiteElo "1935"]
[BlackElo "2000"]

1.Nf3 d5 2.g3 Nf6 3.Bg2 c5 4.O-O Nc6 5.d4 e6 6.c4 dxc4 7.Qa4 Bd7 8.Qxc4 cxd4
9.Nxd4 Rc8 10.Rd1 Qb6 11.Nxc6 Bxc6 12.Bxc6+ Rxc6 13.Qb3 Qxb3 14.axb3 a6 15.Ra4 b5
16.Rad4 Be7 17.Bf4 Nd5 18.Bd6 Rxd6 19.e4 O-O 20.exd5 Bf6 21.R4d2 Rxd5 22.Rxd5 exd5
23.Nc3 Bxc3 24.bxc3 Rd8 25.c4 bxc4 26.bxc4 d4 27.Kf1 Kf8 28.Ke2 d3+ 29.Kd2 Rd4
30.Ra1 Rxc4 31.Rxa6 Rc2+ 32.Ke3 Re2+ 33.Kf3 g5 34.g4 Re1 35.Ra2 Rh1 36.Kg2 Rd1
37.Kf3 d2 38.Ke2 Rg1 39.Rxd2 Rxg4 40.Kf3 Ra4 41.Rd5 h6 42.Kg3 Kg7 43.Rb5 Kg6
44.Rb6+ f6 45.h3 h5 46.Rb3 Rf4 47.Ra3 Re4 48.Rb3 Kf5 49.Rb5+ Re5 50.Rb4 h4+
51.Kf3 Rc5 52.Rb3 Ke5 53.Re3+ Kd5 54.Kg4 Rc4+ 55.Kf3 Rf4+ 56.Kg2 Re4 57.Ra3 Ke5
58.Rb3 f5 59.Kf3 g4+ 60.Kg2 Kf4 61.Ra3 Rb4 62.hxg4 fxg4 63.Rc3 h3+ 64.Kg1 Rb1+
65.Kh2 Rf1 66.Rc4+ Kf3 67.Rc3+ Kxf2 68.Rc4 g3+ 69.Kxh3  1/2-1/2

[Event "Cappelle op"]
[Site "Cappelle"]
[Date "1989.??.??"]
[Round "?"]
[White "Spassov, Liuben"]
[Black "Sturc, Gustav"]
[Result "1-0"]
[WhiteElo "2375"]
[BlackElo "2200"]

1.Nf3 d5 2.g3 Nf6 3.Bg2 g6 4.c4 c6 5.Qa4 dxc4 6.Qxc4 Bg7 7.O-O O-O 8.Nc3 Nbd7
9.d4 Nb6 10.Qd3 Bg4 11.Rd1 Qc8 12.e4 Rd8 13.Qf1 e5 14.Be3 exd4 15.Rxd4 Rxd4
16.Nxd4 Be6 17.Nxe6 Qxe6 18.Rd1 Re8 19.h3 Nfd7 20.Qe2 Nc4 21.Bd4 Ndb6 22.b3 Bxd4
23.Rxd4 Nd6 24.Qd2 Ndc8 25.e5 Ne7 26.f4 Ned5 27.Ne4 Kg7 28.a4 f6 29.exf6+ Nxf6
30.Rd6 Qxb3 31.Nxf6 Qe3+ 32.Qxe3 Rxe3 33.Ne4 Kf7 34.a5 Nc4 35.Rd7+  1-0

[Event "Cheliabinsk"]
[Site "Cheliabinsk"]
[Date "1989.??.??"]
[Round "?"]
[White "Arsovic, Zoran"]
[Black "Sherbakov, Ruslan"]
[Result "0-1"]
[WhiteElo "2380"]
[BlackElo "2360"]

1.Nf3 d5 2.g3 c6 3.Bg2 Bg4 4.O-O Nd7 5.d3 e6 6.c4 Bxf3 7.exf3 Bc5 8.d4 Bb6
9.Be3 dxc4 10.Nd2 Ne7 11.Nxc4 O-O 12.Qb3 Nf5 13.Rfd1 Qf6 14.Qc3 Bc7 15.f4 Qe7
16.Qb3 Nb6 17.Nd2 a5 18.a3 a4 19.Qd3 Rfd8 20.Ne4 Nd5 21.Rac1 Ra5 22.Qe2 Bb6
23.Bf3 Rb5 24.Rd3 h6 25.Kg2 Ra5 26.Qc2 Nc7 27.Nc5 Nb5 28.Nxa4 Bxd4 29.Rcd1 Raa8
30.Nc5 Nxe3+ 31.fxe3 Bxc5 32.Rxd8+ Rxd8 33.Rxd8+ Qxd8 34.Qxc5 Qd2+ 35.Kh3 Qxb2
36.a4 Qa3 37.Qe5 Nd6 38.a5 Qd3 39.g4 g6 40.Kg3 Qd2 41.h4 h5 42.Qg5 Qe1+ 43.Kg2 Nc4
44.Qd8+ Kh7  0-1

[Event "Cheliabinsk"]
[Site "Cheliabinsk"]
[Date "1989.??.??"]
[Round "?"]
[White "Galliamova, Alisa"]
[Black "Dvoirys, Semen I"]
[Result "1/2-1/2"]
[WhiteElo "2370"]
[BlackElo "2520"]

1.Nf3 d5 2.g3 c5 3.c4 d4 4.Bg2 Nc6 5.O-O Nf6 6.Nh4 Bd7 7.e4 dxe3 8.dxe3 g6
9.b3 Bg7 10.Bb2 O-O 11.Nc3 Qc8 12.Qe2 Bh3 13.Nd5 Bxg2 14.Nxg2 Nxd5 15.cxd5 Bxb2
16.Qxb2 Nb4 17.e4 f5 18.f3 fxe4 19.fxe4 Qg4 20.Nf4 Rf6 21.a3 Raf8 22.axb4 Rxf4
23.Rxf4 Rxf4 24.Qe5 Rxe4 25.Qb8+ Kg7 26.Rf1 Kh6 27.bxc5 Re3 28.c6 Rxb3 29.Qf8+ Kh5
30.Qxe7 Rxg3+  1/2-1/2

[Event "Cheliabinsk"]
[Site "Cheliabinsk"]
[Date "1989.??.??"]
[Round "?"]
[White "Gleizerov, Evgeny"]
[Black "Nikolic, Nebojsa"]
[Result "1/2-1/2"]
[WhiteElo "2420"]
[BlackElo "2390"]

1.Nf3 d5 2.g3 c6 3.Bg2 Bg4 4.c4 e6 5.cxd5 Bxf3 6.Bxf3 cxd5 7.O-O Nc6 8.Nc3 Nf6
9.d3 Be7 10.e4 O-O 11.exd5 exd5 12.d4 h6 13.Be3 Qd7 14.Rc1 Rfd8 15.a3 Qf5
16.Bg2 a6 17.Na4 Ne4 18.Nb6 Rab8 19.Qc2 Bf6 20.Rfd1 Re8 21.b4 Rbd8 22.Na4 Rc8
23.Qd3 Bg5 24.f4 Bf6 25.Nc5 Re7 26.Nxe4 dxe4 27.Qb3 Ree8 28.d5 Ne7 29.d6 Rxc1
30.Bxc1 Nc6 31.Be3 g6 32.d7 Rd8 33.Qd5 Bd4 34.Rxd4 Nxd4 35.Qxd4 Rxd7 36.Qe5 Rd3
37.Kf2 Qxe5 38.fxe5 Rxa3 39.Bxe4 Ra2+ 40.Kf3 Rxh2 41.Bf2 Rh1 42.Bb6 Re1  1/2-1/2

[Event "Cheliabinsk"]
[Site "Cheliabinsk"]
[Date "1989.??.??"]
[Round "?"]
[White "Ivanov, Jordan"]
[Black "Sherbakov, Ruslan"]
[Result "1/2-1/2"]
[WhiteElo "2300"]
[BlackElo "2360"]

1.Nf3 d5 2.g3 c6 3.Bg2 Bg4 4.O-O Nd7 5.d3 e6 6.c4 Bc5 7.cxd5 exd5 8.h3 Bxf3
9.Bxf3 Ngf6 10.Bf4 Qe7 11.Nc3 O-O 12.Rc1 Ne5 13.Bg2 Bd6 14.e4 dxe4 15.dxe4 Rad8
16.Qe2 Bc5 17.Rcd1 h6 18.Kh2 Rxd1 19.Rxd1 g5 20.Bxe5 Qxe5 21.Rf1 Qd4 22.f4 gxf4
23.gxf4 Qe3 24.e5 Qxe2 25.Nxe2 Nh5 26.Ng3  1/2-1/2

[Event "Cheliabinsk"]
[Site "Cheliabinsk"]
[Date "1989.??.??"]
[Round "?"]
[White "Kholmov, Ratmir D"]
[Black "Sherbakov, Ruslan"]
[Result "1/2-1/2"]
[WhiteElo "2480"]
[BlackElo "2360"]

1.Nf3 d5 2.g3 c6 3.Bg2 Bg4 4.O-O Nd7 5.d3 e6 6.c4 Bxf3 7.Bxf3 dxc4 8.dxc4 Ne5
9.Qb3 Nxf3+ 10.Qxf3 Qd4 11.Qb3 Qb6 12.Qxb6 axb6 13.Be3 Bc5 14.Bxc5 bxc5 15.Nc3 Nf6
16.Rfd1 Ke7  1/2-1/2

[Event "Chianciano tt"]
[Site "Chianciano"]
[Date "1989.??.??"]
[Round "?"]
[White "Stanojevic, Branko"]
[Black "Vallifuoco, Giacomo"]
[Result "0-1"]
[WhiteElo "2360"]
[BlackElo "2345"]

1.Nf3 d5 2.g3 Nf6 3.Bg2 c6 4.b3 Bg4 5.Ne5 Bh5 6.Bb2 Nbd7 7.d4 e6 8.O-O Be7
9.Nd2 O-O 10.c4 Nxe5 11.dxe5 Nd7 12.h3 f5 13.cxd5 cxd5 14.Nf3 Bxf3 15.Bxf3 Nc5
16.Rc1 Qd7 17.e3 Rac8 18.Qd4 b6 19.Rfd1 Rfd8 20.Be2 a5 21.h4 Qe8 22.Kg2 Bf8
23.Rd2 Ne4 24.Rdc2 Rxc2 25.Rxc2 Bc5 26.Qd1 f4 27.gxf4 Qg6+ 28.Kf1 Qh6 29.h5 Nxf2
30.Kxf2 Qxf4+ 31.Kg2 Qxe3 32.Bg4 Kh8 33.Qf3 Qg1+ 34.Kh3 Rf8 35.Qg2 Qe3+ 36.Qg3 Qe4
37.Rg2 Rf1 38.h6 g5 39.Bxe6 Rf3 40.Kh2 Rxg3 41.Rxg3 Bd4 42.Rg4 Qxe5+  0-1

[Event "Chianciano tt"]
[Site "Chianciano"]
[Date "1989.??.??"]
[Round "?"]
[White "Ivkov, Borislav"]
[Black "Vujosevic, Goran"]
[Result "1/2-1/2"]
[WhiteElo "2460"]
[BlackElo "2250"]

1.Nf3 d5 2.g3 Nf6 3.Bg2 Bf5 4.O-O e6 5.d3 h6 6.Nbd2 Be7 7.b3 O-O 8.Bb2 Bh7
9.Re1 a5 10.a3 c5 11.a4 Nc6 12.e4 Rc8 13.Ne5 Nxe5 14.Bxe5 Nd7 15.Bb2 Bf6
16.Qc1 Bxb2 17.Qxb2 Nf6 18.exd5 exd5 19.Re5 Re8 20.Rae1 Rxe5 21.Rxe5 b6 22.Qa1 Qd7
23.Qe1 Kf8 24.h3 Re8 25.f4 Qd6 26.Kf2 g5 27.Rxe8+ Nxe8 28.fxg5 hxg5 29.Nf3 f6
30.h4 gxh4 31.Nxh4 Nc7 32.Bh3 Qe7 33.Qd2 Kg7 34.Bf5 Qe5 35.Bxh7 Kxh7 36.Nf3 Qe7
37.Qf4 Kg8 38.Nh4 Kf7 39.Nf5 Qe5 40.Qg4 Ke6 41.Nh6+ Ke7 42.Qg7+ Ke6 43.Ng4 Qf5+
44.Kg2 Ne8 45.Qg8+ Kd6 46.Qf8+ Kd7 47.Qf7+ Kd6 48.Qf8+ Kd7 49.Qf7+ Kd6 50.Ne3 Qe6
51.Qf8+ Kd7 52.Kf2 d4 53.Nc4 Nd6 54.Qxd6+ Qxd6 55.Nxd6 Kxd6 56.Kf3 f5 57.Kf4 Ke6
58.g4 fxg4 59.Kxg4 Ke5 60.Kg5 Ke6 61.Kg6 Ke5 62.Kg5 Ke6  1/2-1/2

[Event "ITA-ch"]
[Site "Chianciano"]
[Date "1989.??.??"]
[Round "6"]
[White "Mantovani, Renzo"]
[Black "Lanzani, Mario"]
[Result "1/2-1/2"]
[WhiteElo "2370"]
[BlackElo "2320"]

1.Nf3 d5 2.g3 Nf6 3.Bg2 e6 4.O-O Be7 5.c4 O-O 6.d4 dxc4 7.Qc2 a6 8.Qxc4 b5
9.Qc2 Bb7 10.Nbd2 Nbd7 11.Ne5 Bxg2 12.Kxg2 Nxe5 13.dxe5 Nd7  1/2-1/2

[Event "US op"]
[Site "Chicago"]
[Date "1989.??.??"]
[Round "8"]
[White "Readey, John"]
[Black "Marchand, Erich Watkinson"]
[Result "1-0"]
[WhiteElo "2285"]
[BlackElo "2275"]

1.Nf3 d5 2.g3 Nc6 3.d4 Bf5 4.Bg2 e6 5.O-O Nf6 6.c3 Be7 7.b4 a6 8.Nbd2 O-O
9.Nb3 Ne4 10.Bb2 Nd6 11.Nfd2 a5 12.a3 Ra7 13.f3 e5 14.dxe5 Nxe5 15.Nxa5 b6
16.f4 Nec4 17.Nc6 Ne3 18.Nxd8 Nxd1 19.Nc6 Nxb2 20.Nxe7+ Kh8 21.Bxd5 Bh3 22.Rfc1 c5
23.Nc6 Ra6 24.Rc2 Na4 25.e4 b5 26.Nb3 Be6 27.bxc5 Nxe4 28.Bxe6 fxe6 29.Nb4 Raa8
30.c4 bxc4 31.Rxc4 Nec3 32.c6 Rfc8 33.Re1 Nd5 34.Rxe6 Nab6 35.Rce4 Nf6 36.Rd4 Rxa3
37.c7 Nbd7 38.Nc5 Nf8 39.Rd8 Raa8 40.Red6  1-0

[Event "Capablanca mem"]
[Site "Cienfuegos"]
[Date "1989.??.??"]
[Round "2"]
[White "Velikov, Petar"]
[Black "Sariego, Wilfredo"]
[Result "1/2-1/2"]
[WhiteElo "2465"]
[BlackElo "2380"]

1.Nf3 d5 2.g3 Nc6 3.d4 Bg4 4.Bg2 Qd7 5.h3 Bf5 6.c3 h5 7.Nbd2 O-O-O 8.b4 f6
9.Nb3 e6 10.a4 Nh6 11.Ba3 Nf7 12.b5 Nb8 13.Bxf8 Rdxf8 14.c4 dxc4 15.Nc5 Qe7
16.Nh4 b6 17.Nxf5 exf5 18.Nb7 Ng5 19.a5 Ne4 20.axb6 axb6 21.Ra7 Qb4+ 22.Kf1 Qxb5
23.Bxe4 fxe4 24.d5 Rd8 25.Nxd8 Rxd8 26.Kg2 Qxd5 27.Qa4 h4 28.gxh4 f5 29.Rc1 b5
30.Qa5 Qc6 31.Rb1 Rd5 32.Qc3 Qg6+ 33.Kh1 Qb6 34.Rba1 Qd4 35.Qg3 Qe5  1/2-1/2

[Event "Copenhagen op"]
[Site "Copenhagen"]
[Date "1989.??.??"]
[Round "7"]
[White "Karlsson, Lars"]
[Black "Lalic, Bogdan"]
[Result "1/2-1/2"]
[WhiteElo "2515"]
[BlackElo "2525"]

1.Nf3 d5 2.g3 Nf6 3.Bg2 c6 4.O-O Bf5 5.d3 e6 6.c4 Nbd7 7.Nc3 Be7 8.Be3 O-O
9.Qb3 Qc8 10.Rfc1 dxc4 11.Qxc4 e5 12.Qa4 Qb8 13.Bd2 Nc5 14.Qd1 a5 15.Na4 Nfd7
16.Nxc5 Bxc5 17.Qe1 Bb6 18.Bc3 Re8 19.Nd2 Be6 20.b3 Bd5 21.Nc4 Bxg2 22.Kxg2 Qa7
23.Rab1 Re6 24.Nxb6 Nxb6 25.Bd2 Nd5 26.e4 Nf6 27.Bc3  1/2-1/2

[Event "CUB-ch"]
[Site "?"]
[Date "1989.??.??"]
[Round "2"]
[White "Nogueiras, Jesus"]
[Black "Armas, Jorge"]
[Result "1/2-1/2"]
[WhiteElo "2575"]
[BlackElo "2385"]

1.Nf3 d5 2.g3 Nc6 3.d4 Bg4 4.Bg2 e6 5.O-O Nf6 6.Nbd2 Bd6 7.c4 O-O 8.h3 Bh5
9.b3 Ne4 10.Nxe4 dxe4 11.Ng5 Be7 12.Nxe4 Nxd4 13.g4 Bg6 14.Bb2 c5 15.e3 Nc6
16.f4 f5 17.Nf2 Qe8 18.Qe2 Bf6 19.Bxf6 gxf6 20.Rad1 e5 21.fxe5 Nxe5 22.Bxb7 Rb8
23.Bg2 Kh8 24.Rd5 fxg4 25.hxg4 Rg8 26.Rd2 Rg7 27.Nh3 Rd8 28.Rxd8 Qxd8 29.Nf4 Bf7
30.Nh5 Bxh5 31.gxh5 Ng4 32.Rf4 Qg8 33.Rf3 Qb8 34.Rf4 Qg8 35.Rf3 Qb8  1/2-1/2